00285nam a2200121Ia 4500008004100000082001600041100001800057245002600075250000900101260003100110300000900141650001300150150201s2009 xx 000 0 und d a610.7bM09F aFRASER , D.M. aMYHS TB. FOR MIDWIVES a15TH bCHARCHILLaEDINBURGHc2009 a1122 aMIDWIVES